000 02340cam a2200637 i 4500
001 782
003 KOSZ 005
005 20250729063851.0
008 250728s1979 pl a f 000 0 pol
015 _aUWD 1979/5710
020 _a8320401267
035 _a991014550419705066
035 _a(PL-WaBN)b13912033-48omnis_nlop
035 _ab13912033
035 _a(OCoLC)830295563
035 _azz2003969368
035 _a(PL)b0000001391203
035 _a(EXLNZ-48OMNIS_NETWORK)9910087756305606
040 _aWA N
_cWA N
_dKOSZ 005/RW
046 _k1972
080 _a519.2
080 _a519.61/.64
080 _a004.42
100 1 _aZieliński, Ryszard
_d(1932-2012)
_eAutor
245 1 0 _aGeneratory liczb losowych :
_bprogramowanie i testowanie na maszynach cyfrowych /
_cRyszard Zieliński.
250 _aWydanie drugie.
260 _aWarszawa :
_bWydawnictwa Naukowo-Techniczne,
_c1979.
300 _a157, [3] stron :
_bilustracje, tabele ;
_c21 cm.
336 _aTekst
_btxt
_2rdacontent
337 _aBez urządzenia pośredniczącego
_bn
_2rdamedia
338 _aWolumin
_bnc
_2rdacarrier
380 _aKsiążki
380 _aPublikacje dydaktyczne
380 _aPublikacje naukowe
385 _mPoziom nauczania
_aSzkoły wyższe
388 1 _a1901-2000
388 1 _a1945-1989
490 1 _aInformatyka
504 _aBibliografia na stronach [150]-154.
521 8 _aKsiążka jest przeznaczona dla programistów i użytkowników maszyn cyfrowych oraz dla studentów kierunków informatycznych i matematycznych wyższych uczelni.
546 _aSpis treści także w języku angielskim i rosyjskim.
650 7 _aAnaliza numeryczna
_2DBN
650 7 _aGeneratory liczb losowych.
_2DBN
650 7 _aKomputeryzacja
_2DBN
650 7 _aRachunek prawdopodobieństwa
_2DBN
650 7 _aStatystyka matematyczna
_2DBN
655 7 _aOpracowanie
658 _aInformatyka i technologie informacyjne
658 _aInżynieria i technika
658 _aMatematyka
710 2 _aWydawnictwa Naukowo-Techniczne
_4pbl
830 0 _aInformatyka (Wydawnictwa Naukowo-Techniczne)
856 _uhttps://koha.tu.koszalin.pl/cgi-bin/koha/opac-detail.pl?biblionumber=782
_yKatalog online BPK
942 _2UKD
_cKS
999 _c782
_d782